Remontées mécaniques de l'Alpe d'Huez Grand Domaine - Statistiques

Statistiques générales
  • Ce quiz a été pris 21 fois
  • Le résultat moyen est 32 sur 63
Statistiques - réponses
Type de quiz Nom % Correct
TSCD6B-6 Marmottes 1
89%
TCD6 Marmottes 2
89%
FUN V Marmottes 3
89%
TSCD8-10 Signal
89%
TCD12 Alpette
78%
TKD Alpette
78%
TCD10 Eau d'Olle Express
78%
ASCENCEUR Eau d'Olle Express
78%
TSCD8-10 Jeux
78%
DMC Pic Blanc 1&2
78%
TPH Pic Blanc 3
78%
TKD Poutran
78%
TCD12 Poutran 1&2
78%
TSD4 Alpauris
67%
TSD6 Chalvet
67%
TSF4 Lièvre Blanc
67%
TSD6 Romains
67%
TSD4 Auris Express
56%
TSF4 Lac Blanc
56%
TKE École 1&2
56%
TSD6 Fontfroide
56%
TSF4 Grande Sûre
56%
TSF4 Herpie
56%
TCD10 Huez Express
56%
TSF2 Maronne
56%
TSF4 Montfrais
56%
TKD Montfrais
56%
TAPIS Montfrais
56%
TKD Petit Prince
56%
TAPIS Rif Nel 1&2
56%
TSCD6-10 Rif Nel Express
56%
TCP5x4 Télécentre
56%
TPH Vaujany-Alpette
56%
TCD10 Alpe Express
44%
TKE Babars
44%
TKE Forêt
44%
TAPIS Grenouilles
44%
TSF4 Lombards
44%
TKE Piégut
44%
TKE Sagnes
44%
TKD Stade
44%
TSCD6-10 Sûres
44%
TSD4 Villarais
44%
TPH Alpette-Rousses
33%
TAPIS Bergers
33%
TKD Champ Clotury
33%
TKD Clos du Pré
33%
TSCD6-10 Clos Giraud
33%
TKD Cloudit
33%
TCD8 Enversin
33%
TSD4 Louvets
33%
TKE Olmet
33%
TAPIS Olmet
33%
TSF4 Vallonnet
33%
TCD8 Villette-Montfrais
33%
TKD Langaret
22%
TKF Tortue
22%
TAPIS Bambin
11%
TAPIS Escargots
11%
TKD Lama
11%
TAPIS Moutons
11%
ASCENCEUR Villard
11%
TAPIS Bauchets
0%
Aucun quiz correspondant
Distribution des résultats
% des personnes avec chaque résultat
Percentile par nombre de réponses
Votre historique - résultats
Vous n’avez pas pris ce quiz